000 00607nam a2200217 i 4500
001 C2-0169303
003 PPAK
005 20180728091933.0
008 980725s1983 enka|||| ||||| | eng d
020 _a029778269X
040 _aPPAK
_beng
_cPPAK
_erda
082 0 4 _a923.142
_2 23
090 0 0 _a923.142
_bWEE
_dR
245 0 2 _aA week in the life of the royal family
264 1 _aLondon :
_bWeidenfeld and Nicolson ,
_c1983
300 _a153 pages :
_bcolour illustrations ;
_c30 cm
336 _2rdacontent
_atext
337 _2rdamedia
_aunmediated
338 _2rdacarrier
_avolume
942 _ddc
_cB
999 _c153315
_d153315